00262nam a2200109Ia 4500100002600000654001200026245004300038260003400081082001700115300000800132546001200140 aChandra/ Majumdar/ D  adigital aDigital image Processing and analysis bPrentice HallaMumbaic2000 a621.367bCHA a365 aENGLISH